Writing that sells : Persuading other to buy your ideas
| Main Author: | |
|---|---|
| Format: | Book |
| Published: |
California :
Crisp Learning ,
2002
|
| Subjects: |
MARC
| LEADER | 00000cam a2200000 7i4500 | ||
|---|---|---|---|
| 001 | 0000015861 | ||
| 005 | 20050921.0 | ||
| 020 | |a 1560526742 | ||
| 040 | |a INS | ||
| 090 | 0 | 0 | |a HF5721 |b B465 2002 |
| 100 | 1 | |a Begley, Kathleen A | |
| 245 | 1 | 0 | |a Writing that sells : |b Persuading other to buy your ideas |c Kathleen A Begley |
| 260 | |a California : |b Crisp Learning , |c 2002 | ||
| 300 | |a viii : |b 112p. ; |c 26cm. | ||
| 650 | 0 | 0 | |a Business communication |
| 650 | 0 | 0 | |a Commercial correspondence |
| 999 | |a 0000015656 |b BOOK |c Open Shelf |e Default branch | ||